[Event "Gibraltar Amateur op-A"]
[Site "Caleta"]
[Date "2017.01.24"]
[Round "2"]
[White "Kapoor, Gurveen"]
[Black "Lake, Andrew N"]
[Result "1-0"]
[WhiteElo "1540"]
[BlackElo "1709"]
[PlyCount "59"]
[EventDate "2017.01.23"]
[EventType "swiss"]
[EventRounds "5"]
[EventCountry "GGB"]
[SourceTitle "CBM 176 Extra"]
[Source "ChessBase"]
[SourceDate "2017.03.02"]
[SourceVersion "1"]
[SourceVersionDate "2017.03.02"]
[SourceQuality "1"]

1. d4 d5 2. c4 c6 3. Nf3 Nf6 4. Nbd2 Bf5 5. g3 e6 6. Bg2 Nbd7 7. 0-0 Be7 8. Nh4 Bg6 9. f4 dxc4 10. e4 Bh5 11. Bf3 Bxf3 12. Nhxf3 b5 13. Qc2 Qb6 14. a4 a6 15. axb5 cxb5 16. b3 cxb3 17. Qxb3 0-0 18. Bb2 Rfc8 19. Kh1 Qb7 20. Rae1 Bf8 21. f5 exf5 22. Ng5 Nb6 23. Rxf5 Nc4 24. Nxc4 Rxc4 25. d5 h6 26. Qf3 hxg5 27. Rxf6 Rd8 28. Qf5 g4 29. Rh6 Rd6 30. Qh7# 1-0

[Event "Gibraltar Challengers-B 8th"]
[Site "Caleta"]
[Date "2010.02.04"]
[Round "5"]
[White "Lake, Andrew N"]
[Black "Jayakumar, Adarsh"]
[Result "0-1"]
[WhiteElo "1840"]
[BlackElo "2090"]
[PlyCount "80"]
[EventDate "2010.01.31"]
[EventType "swiss"]
[EventRounds "5"]
[EventCountry "GGB"]
[SourceTitle "EXT 2011"]
[Source "ChessBase"]
[SourceDate "2010.11.26"]
[SourceVersion "1"]
[SourceVersionDate "2010.11.26"]
[SourceQuality "1"]

1. b4 d5 2. Nf3 Nf6 3. Bb2 Bf5 4. e3 Nbd7 5. d3 c6 6. Nbd2 Qc7 7. Nd4 Bg6 8. N4b3 e5 9. a3 Bd6 10. c4 0-0 11. c5 Be7 12. Be2 b6 13. Rc1 bxc5 14. Nxc5 Nxc5 15. bxc5 Rab8 16. Ba1 Nd7 17. d4 e4 18. Qa4 f5 19. Bc3 f4 20. Ba5 Qc8 21. exf4 Rxf4 22. Nb3 Nf8 23. Bd2 Rf6 24. Be3 Qd7 25. Nd2 Ne6 26. g3 Rff8 27. Rb1 Rxb1+ 28. Nxb1 Bxc5 29. dxc5 d4 30. Qd1 Qd5 31. Bg4 Bf5 32. Bxf5 Qxf5 33. Bxd4 Rd8 34. Qb3 Rxd4 35. 0-0 Kf8 36. Qb8+ Rd8 37. Qxa7 Nd4 38. Nc3 Qh3 39. f4 Nf3+ 40. Kf2 Qxh2+ 0-1